Jurassic Park Species - Statistics

General Stats
  • This quiz has been taken 55 times
    23 since last reset
  • The average score is 100 of 148
Answer Stats
Movie Dinosaur % Correct
Camp Cretaceous | Dominion | Jurassic Park | Rebirth Dilophosaurus
95%
Camp Cretaceous | Chaos Theory | Dominion | +6 others Tyrannosaurus Rex
95%
Camp Cretaceous | Chaos Theory | Dominion | +6 others Velociraptor
95%
Camp Cretaceous | Chaos Theory | Dominion | +3 others Brachiosaurus
89%
Camp Cretaceous | Jurassic Park lll | Rebirth Spinosaurus
89%
Camp Cretaceous | Chaos Theory | Dominion | +4 others Stegosaurus
89%
Dominion | Fallen Kingdom | Jurassic Park | +4 others Triceratops
89%
Camp Cretaceous | Jurassic World Indominus Rex
84%
Fallen Kingdom Indoraptor
84%
Camp Cretaceous | Dominion | Fallen Kingdom | +2 others Mosasaurus
79%
Chaos Theory | Dominion | Fallen Kingdom Allosaurus
74%
Camp Cretaceous | Dominion | Fallen Kingdom | +3 others Gallimimus
74%
Dominion Giganotosaurus
74%
Camp Cretaceous | Chaos Theory | Dominion | +5 others Pteranodon
74%
Camp Cretaceous | Dominion | Fallen Kingdom | +2 others Ankylosaurus
68%
Camp Cretaceous | Chaos Theory | Dominion | Fallen Kingdom Baryonyx
68%
Camp Cretaceous | Chaos Theory | Dominion | Fallen Kingdom Carnotaurus
68%
Chaos Theory | Jurassic World | The Lost World Pachycephalosaurus
68%
Camp Cretaceous | Chaos Theory | Fallen Kingdom | +5 others Parasaurolophus
68%
Camp Cretaceous | Jurassic Park lll Ceratosaurus
63%
Camp Cretaceous | Chaos Theory | Dominion | +4 others Compsognathus
63%
Dominion | Fallen Kingdom | Jurassic World Apatosaurus
53%
Dominion Pyroraptor
53%
Dominion | Rebirth Quetzalcoatlus
53%
Camp Cretaceous Scorpios Rex
53%
Dominion | Fallen Kingdom Stygimoloch
53%
Dominion Therizinosaurus
53%
Chaos Theory | Dominion Atrociraptor
47%
Jurassic Park lll Corythosaurus
47%
Dominion Microceratus
47%
Dominion Moros
47%
Dominion Nasutoceratops
47%
Dominion Dimetrodon
42%
Camp Cretaceous | Chaos Theory | Dominion | Jurassic World Dimorphodon
42%
Dominion Dreadnoughtus
42%
Camp Cretaceous Kentrosaurus
42%
Dominion Oviraptor
42%
Camp Cretaceous | Chaos Theory | Dominion | Fallen Kingdom Sinoceratops
42%
Dominion Iguanodon
37%
Camp Cretaceous Ouranosaurus
37%
Chaos Theory Pachyrhinosaurus
37%
Camp Cretaceous Spinoceratops
37%
Dominion Lystrosaurus
32%
Camp Cretaceous Monolophosaurus
32%
Rebirth Aquilops
26%
Camp Cretaceous Nothosaurus
26%
Camp Cretaceous Smilodon
26%
Rebirth Titanosaurus
26%
Dominion Giant Locust
16%
Chaos Theory Altispinax
5%
Rebirth Diabolus Rex
5%
Rebirth Maiasaura
5%
Chaos Theory Nasutosaurus
0%
Chaos Theory Suchominus
0%
No matching quizzes found
Score Distribution
Percent of People with Each Score
Percentile by Number Answered
Your Score History
You have not taken this quiz since the last reset